000 00486nam a2200193Ia 4500
003 0100
008 130303s9999 xx 000 0 und d
040 _cARRUPELIB
050 _aHC59.N241994
100 _aNdegwa, Philip
245 _aAfrica to 2000 and Beyond
245 _bImperative Political and Economic Agenda
260 _aNairobi
260 _bEast African Educational Publishers
260 _C1994
300 _a131p
700 _aGreen, Reginald Herbold
942 0 0 _02
999 _c18553
_d18553